000 01209cab a22002055a 4500
001 L152584
008 110330e20110318xxk 000 0 eng d
035 _a(Sirsi) u152584
041 0 _aeng
100 1 _aSandher, Hardeep
245 0 0 _aMarkets
_bCity, City fringe and Docklands
260 _c2011
490 0 _aProperty Week
_v77(11) 18 March 2011, 41-48(6)
520 _aTop agents are vying to be advisers to J P Morgan's City consolidation plans. Chinese Estates ponders second London purchase. Developers are moving in on the potential 1m sq ft of offices spreading out from the Old Street's "Silicon Roundabout". Clerkenwell is on its way to regaining the rental zenith of 2007. The City will expand by more than 2.5m sq ft office space by the end of 2014 but until then developers are lining up to take advantage of an all-time low in availability. The London Development Agency will start marketing two regeneration sites, Royals Business Park and Silvertown Quays schemes, in April.
590 _aKA
651 4 _aLondon
690 _aPROPERTY-COMMERCIAL PROPERTY-COMMERCIAL PROPERTY MARKET
690 _aPROPERTY-COMMERCIAL PROPERTY-COMMERCIAL PROPERTY FINANCE AND INVESTMENT
942 _n0
999 _c83008
_d83008